100 Jeux Indés Cultes - Statistiques

Statistiques générales
  • Ce quiz a été pris 13 fois
  • Le résultat moyen est 5 sur 100
Statistiques - réponses
Hint Réponse % Correct
11 Hollow Knight
55%
1 Undertale
55%
50 Tunic
45%
16 Deltarune
36%
8 Hades
27%
42 Disco Elysium
18%
35 Fez
18%
29 Inscryption
18%
34 Papers, Please
18%
37 Super Meat Boy
18%
10 The Binding Of Isaac
18%
45 The Stanley Parable
18%
57 A Hat in Time
9%
21 Balatro
9%
79 Blue Prince
9%
33 Celeste
9%
15 Cuphead
9%
20 Dead Cells
9%
74 Dredge
9%
30 Hollow Knight: Silksong
9%
7 It Takes Two
9%
47 Nine Sols
9%
82 Omori
9%
85 Ori and the Blind Forest
9%
41 Outer Wilds
9%
9 Rocket League
9%
25 Shovel Knight
9%
14 Slay the Spire
9%
24 Stray
9%
60 Unpacking
9%
5 Among Us
0%
52 Animal Well
0%
70 Antonblast
0%
95 Beat Saber
0%
92 Bendy and the Ink Machine
0%
65 Besiege
0%
38 Braid
0%
71 Buckshot Roulette
0%
31 Castle Crashers
0%
59 Cave Story
0%
80 Chants of Sennaar
0%
96 Choo Choo Charles
0%
94 Clustertruck
0%
99 Cookie Clicker
0%
64 Crypt of the NecroDancer
0%
26 Cult of the Lamb
0%
55 Darkest Dungeon
0%
27 Dave the Diver
0%
48 Deep Rock Galactic
0%
91 Doki Doki Literature Club
0%
39 Don't Starve Together
0%
89 Everhood
0%
40 Factorio
0%
49 Five Nights At Freddy's
0%
88 Geometry Dash
0%
68 Getting Over It
0%
58 Hello Neighbor
0%
83 Helltaker
0%
67 | 72 Hotline Miami
0%
4 Human: Fall Flat
0%
77 Hyper Light Breaker
0%
81 Journey
0%
86 Jump King
0%
100 Just Shapes and Beats
0%
87 Katana Zero
0%
22 Lethal Company
0%
66 Le Vaillant Petit Page
0%
32 Limbo
0%
63 MiSide
0%
36 MOUSE: P.I. For Hire
0%
69 MyVoiceZoo
0%
76 Neon White
0%
18 OneShot
0%
93 Overcooked
0%
6 Palworld
0%
19 Phasmophobia
0%
98 Pico Park
0%
43 Project Zomboid
0%
53 Rain World
0%
28 R.E.P.O
0%
90 Rift of the Necrodancer
0%
46 RimWorld
0%
17 Rust
0%
44 Satisfactory
0%
61 Shovel Knight Dig
0%
75 Sifu
0%
54 Slime Rancher
0%
3 Stardew Valley
0%
84 Stick Fight : The Game
0%
13 Subnautica
0%
2 Terraria
0%
51 The Henry Stickmin Collection
0%
62 There Is No Game
0%
78 Thrifty Business
0%
56 Ultrakill
0%
97 Untitled Goose Game
0%
12 Valheim
0%
23 Vampire Survivors
0%
73 Viewfinder
0%
Aucun quiz correspondant
Distribution des résultats
% des personnes avec chaque résultat
Percentile par nombre de réponses
Votre historique - résultats
Vous n’avez pas pris ce quiz